Biblioteca y Centro de Documentación

Vista normal Vista MARC

Entrada Nombre personal

Número de registros utilizados en: 5

001 - NÚMERO DE CONTROL

  • Campo de control: 13376

003 - IDENTIFICADOR DE NÚMERO DE CONTROL

  • Campo de control: ES-MaCES

005 - FECHA Y HORA DE LA ULTIMA MODIFICACION

  • Campo de control: 20010808092000.0

008 - ELEMENTOS DE DATOS DE LONGITUD FIJA

  • Campo de longitud fija: 010808 | azznnaabn |n aaa d

035 ## - NÚMERO DE CONTROL DEL SISTEMA

  • Número de control del sistema: CES20010007478n

040 ## - FUENTE DE LA CATALOGACIÓN

  • Agencia original de catalogación: ES-MaCES
  • Idioma de catalogación: spa
  • Agencia de transcripción: ES-MaCES

100 1# - ENCABEZAMIENTO--NOMBRE DE PERSONA

  • Nombre personal: Gillespie, Richard

901 ## - CES. DATOS SIRTEX

  • ID Sirtex (N5N8): 0001500011701
  • 005BIS Sirtex: 200108080920ALORITE
© CES, Consejo Económico y Social de España 2021